Statistics for 15 Largest Cities in Malaysia🇲🇾

Click here to take the quiz!

General Stats

  • This quiz has been taken 17 times
  • The average score is 7 of 15

Answer Stats

PopulationCity% Correct
1.4 milKuala Lumpur
100%
300kGeorge Town
75%
802kJohor Bahru
75%
457kKota Kinabalu
63%
570kKuching
56%
673kIpoh
50%
520kPetaling Jaya
50%
481kShah Alam
44%
879kKlang
38%
366kKuantan
38%
372kSeremban
31%
392kSandakan
25%
306kTawau
25%
708kSubang Jaya
19%
833kKampung Baru Subang
13%

Score Distribution

Percentile by Number Answered

Percent of People with Each Score

Your Score History

You have not taken this quiz